| Tag |
First Indicator |
Second Indicator |
Subfields |
| LEADER |
00000cam a2200000 a 4500 |
| 001 |
in00001003821 |
| 005 |
20150927184913.0 |
| 008 |
821124s1898 nhua s00010 eng d |
| 035 |
|
|
|a (OCoLC)08986192
|
| 035 |
|
|
|9 AEZ7233AM
|
| 040 |
|
|
|a MOA
|c MOA
|d AGL
|d TXA
|d UtOrBLW
|
| 043 |
|
|
|a n-us-nh
|
| 049 |
|
|
|a TXA1 [DYKS]
|
| 070 |
0 |
|
|a 100
|b N45 (1) no.56
|
| 072 |
|
0 |
|a F600
|
| 090 |
|
|
|a SB617
|b .M6 1898
|
| 100 |
1 |
|
|a Morse, Fred W.
|q (Fred Winslow),
|d 1865-1947.
|
| 245 |
1 |
0 |
|a Poisonous properties of wild cherry leaves /
|c by Fred W. Morse and Charles D. Howard.
|
| 264 |
|
1 |
|a Durham, N.H. :
|b New Hampshire College of Agriculture and the Mechanic Arts,
|c 1898.
|
| 300 |
|
|
|a pages [111]-123 :
|b illustrations ;
|c 23 cm.
|
| 336 |
|
|
|a text
|b txt
|2 rdacontent
|
| 337 |
|
|
|a unmediated
|b n
|2 rdamedia
|
| 338 |
|
|
|a volume
|b nc
|2 rdacarrier
|
| 490 |
0 |
|
|a Bulletin / New Hampshire College Agricultural Experiment Station ;
|v 56
|
| 500 |
|
|
|a Cover title.
|
| 500 |
|
|
|a Running title: Prussic acid in wild cherry leaves.
|
| 650 |
|
0 |
|a Prunus.
|
| 650 |
|
0 |
|a Poisonous plants
|z New Hampshire.
|
| 650 |
|
0 |
|a Hydrocyanic acid.
|
| 650 |
|
0 |
|a Rosaceae.
|
| 700 |
1 |
|
|a Howard, Charles D.
|q (Charles Danforth)
|
| 740 |
0 |
|
|a Prussic acid in wild cherry leaves.
|
| 999 |
|
|
|a MARS
|
| 999 |
f |
f |
|s 82baaaca-8b31-3118-9509-ed050ef45a8c
|i 6f3213bc-00e2-334a-9eac-429afb759ad7
|t 0
|
| 952 |
f |
f |
|p noncirc
|a Texas A&M University
|b College Station
|c Cushing Memorial Library & Archives
|d Cushing: Dykes (Does not check out)
|t 0
|e SB617 .M6 1898
|f Vertical File
|h Library of Congress classification
|i unmediated -- volume
|m A14851872094
|
| 998 |
f |
f |
|a SB617 .M6 1898
|t 0
|l Cushing: Dykes (Does not check out)
|